000 00504nam a2200181Ia 4500
999 _c14459
_d14459
003 OSt
005 20260305125034.0
008 190216s9999||||xx |||||||||||||| ||und||
020 _a9780007155668
040 _coclc
082 _a869.342
_bCOE/A
100 1 _aCoelho, Paulo
_95599
245 0 _aThe Alchemist /
_cPaulo Coelho
260 _bHarper Collins Publishers,
_c2002.
_aLondon:
300 _a178p
650 _aEnglish
942 _cBK
_2ddc
_h869.342
_iCOE/A
_k869.342
_mCOE/A